01001 2200313 4500001002100000005001500021035002000036007000300056008004100059020002200100082001500122084001500137245013700152250004100289300003800330650002300368700003000391700003100421710002800452264003300480336002100513337003000534338002300564040002200587090002200609850001200631999002200643990002200665INLIS00000000087790820230411105656 a0010-0423000208ta230411t2022 yoia a ind d a978-623-6701-80-504223a028.55 a028.55 MAZ00aMaze hewan di kebun bintang :bbuku aktivitas untuk PAUD & TK /cSarang Imaji; penyunting, Patricia Susi; ilustrator, Ratih Maharani aEdisi pertama, Cetakan pertama, 2022 avi, 34 halaman :bgambar ;c24 cm 4aBacaan kanak-kanak0 aPatricia SusiePenyunting0 aRatih MaharanieIlustrator aSarang ImajiePengarang aYogyakarta :bRainbow,c2022 2rdacontentateks 2rdamediaatanpa perantara 2rdacarrieravolume aYOPDYOGbinderda aCB-D.11 2022-3084 aYOPDYOG aCB-D.11/2022-3084 aCB-D.11/2022-3084